| 000 | 01269nam a22004217a 4500 | ||
|---|---|---|---|
| 001 | BR2011008252 | ||
| 003 | BR-BrBNA | ||
| 005 | 20230928103826.0 | ||
| 007 | ta | ||
| 008 | 230509b bl.||||| |||| 00| 0 por d | ||
| 040 |
_aBR-BrBNA _bpor _cBiblioteca Nacional de Agricultura |
||
| 041 | _a(Por) | ||
| 072 |
_aF06 _b2120 |
||
| 090 | _ 2120 BR2011008252 | ||
| 110 | 1 |
_aUniversidade Federal de Uberlândia, MG (Brasil). Inst. de Ciências Agrárias _910961 |
|
| 111 | 1 | _a7. Simpósio Brasileiro de Pesquisa em Cafeicultura Irrigada | |
| 245 | 1 | _a7. Simpósio Brasileiro de Pesquisa em Cafeicultura Irrigada; anais | |
| 260 | 3 |
_aAraguari, MG (Brasil): _c2005. |
|
| 300 | _a192 p. | ||
| 500 | _aIncludes several bibliographies.; Summary (Por).; 77 illus.; 61 tables | ||
| 650 | _aCAFEICULTURA | ||
| 650 | _aMINAS GERAIS | ||
| 650 | _aIRRIGAÇÃO | ||
| 650 | _aDEFICIÊNCIA HÍDRICA | ||
| 650 | _aGESTÃO | ||
| 650 | _aIMPACTO AMBIENTAL | ||
| 650 | _aPRODUTIVIDADE | ||
| 650 | _aCOFFEA ARABICA | ||
| 650 | _aACIDEZ DO SOLO | ||
| 650 | _aESPAÇAMENTO | ||
| 650 | _aNITROGÊNIO | ||
| 650 | _aPOTÁSSIO | ||
| 650 | _aMATURAÇÃO | ||
| 650 | _aFERRUGEM | ||
| 650 | _aANÁLISE FOLIAR | ||
| 909 |
_a202309 _bLucia _c55 _dLucia Elande |
||
| 942 | _cBK | ||
| 999 |
_c76803 _d76803 |
||